000 00590nam a2200181 i 4500
001 24860
003 ES-MaACL
005 20250729063153.0
007 t|
008 021219s1869 sp ||||1| spa d
100 1 _aAparisi y Guijarro, Antonio,
_d1815-1872
_922085
245 1 3 _aEl rey de España /
_cpor Antonio Aparisi y Guijarro.
260 _aMadrid :
_b[s.n.],
_c1869 (
_fRamón Ramírez)
300 _a72 p. ;
_c22 cm.
600 1 4 _aMadrid, Borbón y de Austria-Este, Carlos de
_cDuque de (
_d1848-1909)
_9198668
852 _aES-MaACL
_jT-845-F-6
999 _c24860
_d24860